000 00493nam a2200193Ia 4500
003 IN-BaIIA
008 211028s9999 xx 000 0 eng d
020 _a0-24550668-3
040 _cIIA Library
080 _a910.4
_bLAN
245 0 _aWhen the pole stare shone
_cedited by Michael Langley
260 _aLondon
_bGeorge G Harrap
_c1972
300 _a176p.
650 _aExpeditions
650 _aNASA Thesaurus
650 _aStars
700 _aLangley, Michael., ed.
_97134
942 _cBK
999 _c4042
_d4042